| 000 | 01119nam a2200301Ia 4500 | ||
|---|---|---|---|
| 001 | A8191 | ||
| 003 | IT-RoPAU | ||
| 008 | 130308s9999 xx 000 0 und d | ||
| 040 | _aIT-RoPAU | ||
| 040 | _cIT-RoPAU | ||
| 041 | _aITALIANO | ||
| 100 | _aCavedo Romeo | ||
| 100 | _gCodice Aut. SPICS: 36418 | ||
| 245 | _aTemi biblici del lezionario per gli infermi | ||
| 245 | _bSacramento dei malati (Il)-Aspetti Antropologici e Teologici della Malattia: Liturgia e Pastorale | ||
| 250 | _a1a ed. | ||
| 260 | _aTORINO/LEUMANN | ||
| 260 | _bElle Di Ci | ||
| 260 | _c1975 [1° Ed.:1975 - Ed.Ling.Originale:1975] | ||
| 300 | _a"18 p. (prefazione: no ; testo: 18 [pagine: 121-138])" | ||
| 500 | _aReazione Umana di Fronte al dolore (Giobbe). Promessa di una Mediazione Salvifica. salvezza è comunione con Dio. fede nel Cristo Risorto Unica e Definitiva Salvezza. speranza e partecipazione nel Mistero. salvezza nell'Incontro Personale con Gesu'. messa del Viatico. | ||
| 650 | _aUNZIONE DEGLI INFERMI | ||
| 650 | _eCodice materia Spics: 9157 | ||
| 942 | _cBK | ||
| 957 | _71 | ||
| 999 |
_c63475 _d63475 |
||
| 999 | _bSI | ||
| 999 | _g1 | ||